International handbook of land and property taxation (Record no. 103723)

MARC details
000 -LEADER
fixed length control field 01631cam a2200493 4500
008 - FIXED-LENGTH DATA ELEMENTS--GENERAL INFORMATION
fixed length control field 040910n2004 000 0 eng u
020 ## - INTERNATIONAL STANDARD BOOK NUMBER
International Standard Book Number 1843766477
035 ## - SYSTEM CONTROL NUMBER
System control number (Sirsi) u127312
041 ## - LANGUAGE CODE
Language code of text/sound track or separate title eng
050 ## - LIBRARY OF CONGRESS CALL NUMBER
Classification number 336.22
-- 18
245 ## - TITLE STATEMENT
Title International handbook of land and property taxation
260 ## - PUBLICATION, DISTRIBUTION, ETC.
Place of publication, distribution, etc. Cheltenham
Name of publisher, distributor, etc. Edward Elgar
Date of publication, distribution, etc. 2004
300 ## - PHYSICAL DESCRIPTION
Extent viii, 311p.
Dimensions 25cm.
350 ## - PRICE (NR) (BK AM CF MU VM SE) [OBSOLETE]
Price 95
520 ## - SUMMARY, ETC.
Summary, etc. This comprehensive handbook examines case studies of land and property taxation in 25 countries,focusing on the potential contributions of the property tax to the revenues of urban and rural governments and to more efficient land use. Introductory chapters highlight the diversity in the application of land and property taxes among the countries. The remaining chapters focus on five countries in each of the five regions: OECD, Central and Eastern Europe, Asia, Africa and Latin America. References.
650 ## - SUBJECT ADDED ENTRY--TOPICAL TERM
Topical term or geographic name entry element CANADA
650 ## - SUBJECT ADDED ENTRY--TOPICAL TERM
Topical term or geographic name entry element UNITED KINGDOM
650 ## - SUBJECT ADDED ENTRY--TOPICAL TERM
Topical term or geographic name entry element INDONESIA
650 ## - SUBJECT ADDED ENTRY--TOPICAL TERM
Topical term or geographic name entry element INDIA
650 ## - SUBJECT ADDED ENTRY--TOPICAL TERM
Topical term or geographic name entry element PHILIPPINES
650 ## - SUBJECT ADDED ENTRY--TOPICAL TERM
Topical term or geographic name entry element THAILAND
650 ## - SUBJECT ADDED ENTRY--TOPICAL TERM
Topical term or geographic name entry element CHINA
650 ## - SUBJECT ADDED ENTRY--TOPICAL TERM
Topical term or geographic name entry element KENYA
650 ## - SUBJECT ADDED ENTRY--TOPICAL TERM
Topical term or geographic name entry element TANZANIA
650 ## - SUBJECT ADDED ENTRY--TOPICAL TERM
Topical term or geographic name entry element REPUBLIC OF SOUTH AFRICA
650 ## - SUBJECT ADDED ENTRY--TOPICAL TERM
Topical term or geographic name entry element GUINEA
650 ## - SUBJECT ADDED ENTRY--TOPICAL TERM
Topical term or geographic name entry element TUNISIA
650 ## - SUBJECT ADDED ENTRY--TOPICAL TERM
Topical term or geographic name entry element HUNGARY
650 ## - SUBJECT ADDED ENTRY--TOPICAL TERM
Topical term or geographic name entry element RUSSIA
650 ## - SUBJECT ADDED ENTRY--TOPICAL TERM
Topical term or geographic name entry element UKRAINE
650 ## - SUBJECT ADDED ENTRY--TOPICAL TERM
Topical term or geographic name entry element POLAND
650 ## - SUBJECT ADDED ENTRY--TOPICAL TERM
Topical term or geographic name entry element LATVIA
650 ## - SUBJECT ADDED ENTRY--TOPICAL TERM
Topical term or geographic name entry element COLOMBIA
650 ## - SUBJECT ADDED ENTRY--TOPICAL TERM
Topical term or geographic name entry element ARGENTINA
650 ## - SUBJECT ADDED ENTRY--TOPICAL TERM
Topical term or geographic name entry element CHILE
650 ## - SUBJECT ADDED ENTRY--TOPICAL TERM
Topical term or geographic name entry element MEXICO
650 ## - SUBJECT ADDED ENTRY--TOPICAL TERM
Topical term or geographic name entry element NICARAGUA
650 ## - SUBJECT ADDED ENTRY--TOPICAL TERM
Topical term or geographic name entry element LAND TAX
650 ## - SUBJECT ADDED ENTRY--TOPICAL TERM
Topical term or geographic name entry element PROPERTY TAXES
690 ## - LOCAL SUBJECT ADDED ENTRY--TOPICAL TERM (OCLC, RLIN)
Topical term or geographic name as entry element TAXATION
700 ## - ADDED ENTRY--PERSONAL NAME
Personal name Bird, Richard M.
International Standard Serial Number Editor
700 ## - ADDED ENTRY--PERSONAL NAME
Personal name Slack, Enid
International Standard Serial Number Editor
942 ## - ADDED ENTRY ELEMENTS (KOHA)
Suppress in OPAC 0
Holdings
Withdrawn status Lost status Source of classification or shelving scheme Damaged status Not for loan Home library Current library Shelving location Date acquired Cost, normal purchase price Total Checkouts Full call number Barcode Date last seen Date last checked out Copy number Cost, replacement price Price effective from Koha item type
    Dewey Decimal Classification     London London Books 14/10/2004 95.00 11 336.22 BIR 30069569 06/08/2019 28/05/2009 1 95.00 06/08/2019 Book